Handbook on the EEC fourth directive (Record no. 45351)

MARC details
000 -LEADER
fixed length control field 00702nam a2200181 a 4500
008 - FIXED-LENGTH DATA ELEMENTS--GENERAL INFORMATION
fixed length control field 120416s1979 ||||||||||||||||| || u
050 ## - LIBRARY OF CONGRESS CALL NUMBER
Classification number HF 5686.C7 Cla
100 ## - MAIN ENTRY--PERSONAL NAME
Personal name Hinton, J. K
245 10 - TITLE STATEMENT
Title Handbook on the EEC fourth directive
246 ## - VARYING FORM OF TITLE
Title proper/short title the impact on company accounts in the nine member states
260 ## - PUBLICATION, DISTRIBUTION, ETC.
Place of publication, distribution, etc. Dublin
Name of publisher, distributor, etc. The Institute of Chartered Accountants
Date of publication, distribution, etc. 1979
300 ## - PHYSICAL DESCRIPTION
Extent 158p.
350 ## - PRICE (NR) (BK AM CF MU VM SE) [OBSOLETE]
Price 0.00
650 #0 - SUBJECT ADDED ENTRY--TOPICAL TERM
Topical term or geographic name entry element ACCOUNTING--HANDBOOKS, MANUALS, ETC
650 ## - SUBJECT ADDED ENTRY--TOPICAL TERM
Topical term or geographic name entry element ACCOUNTANTS--LAW AND LEGISLATION
700 ## - ADDED ENTRY--PERSONAL NAME
Personal name Clayton, M. R
995 ## - RECOMMENDATION 995 [LOCAL, UNIMARC FRANCE]
-- 0.00
-- CBU-MAIN LIBRARY (Kitwe)
-- 1
-- 12.80
-- 1
-- AVAILABLE
-- Annex Low-Usage Collection
Holdings
Withdrawn status Lost status Source of classification or shelving scheme Damaged status Not for loan Home library Current library Shelving location Date acquired Total Checkouts Full call number Barcode Date last seen Price effective from Koha item type
          CBU-MAIN LIBRARY, KITWE. CBU-MAIN LIBRARY, KITWE.   11/30/2022   HF 5686.C7 Cla 006496 11/30/2022 11/30/2022 MONOGRAPH